Statistics for Some of the Oldest Subway Systems in the World

Click here to take the quiz!

General Stats

  • This quiz has been taken 65 times
  • The average score is 9 of 9

Answer Stats

OpenedCountry# Passengers/YearBuilding% Correct
January 10, 1863UK1.3 billionLondon Underground
100%
May 15, 1935Russia2.4 billionMoscow Metro
100%
October 27, 1904USA1.7 billionNew York City Subway
100%
July 19, 1900France1.5 billionParis Métro
100%
December 30, 1927Japan3 billionTokyo Subway
100%
October 1, 1969China3.78 billionBeijing Subway
98%
Summer 1896Hungary409 millionBudapest Metro
98%
December 1, 1913Argentina438 millionBuenos Aires Underground
98%
December 14, 1896UK146 millionGlasgow Subway
92%

Score Distribution

Percentile by Number Answered

Percent of People with Each Score

Your Score History

You have not taken this quiz